000 00488 a2200169 4500
999 _c5743
_d5743
020 _a9780748715022
050 _aQA939.BOS 1994
100 _aBostock, L. (Linda)
_eauthor
245 _aModular mathematics:
_bModule E. Mechanics 1 /
_cL Bostock; Suzanne Chandler
264 _aCheltenham :
_bStanley Thornes,
_c 1995.
300 _avi, 280 pages
440 _aMechanics 2.
500 _alncludes index
650 _aMathematics
700 _aS Chandler
942 _2lcc
_cBK
_h939
_iBOS
_kQA